Azdud (Ashdod-Yam) : an early Islamic fortress on the Mediterranean Coast /

محفوظ في:

المؤلف الرئيسي: Raphael, Kate (مؤلف)

التنسيق: كتاب

اللغة: English

منشور في: Oxford, England : Archaeopress, 2014.
©2014.

سلاسل: BAR international series ; 2673.

الموضوعات:

الوسوم: إضافة وسم

لا توجد وسوم, كن أول من يضع وسما على هذه التسجيلة!

رقم الطلب: DS110 .A754 R36 2014

LEADER 00972nam a2200277Ia 4500
003 OSt
005 20260224072807.0
008 201123t20142014enkab b 000 0 eng d
020 |a 9781407313153 
040 |c ARCE Library 
043 |a a-is--- 
050 4 |a DS110 .A754 R36 2014 
100 1 |a Raphael, Kate,  |e author 
245 1 0 |a Azdud (Ashdod-Yam) :   |b an early Islamic fortress on the Mediterranean Coast /   |c Sarah Kate Raphael. 
264 1 |a Oxford, England :  |b Archaeopress,  |c 2014. 
264 1 |c ©2014. 
300 |a v, 111 pages :  |b illustrations (some color), map ;  |c 30 cm. 
490 1 |a BAR international series ;  |v 2673. 
504 |a Includes bibliographical references (pages 75-83) 
650 0 |a Excavations (Archaeology)  |z Israel  |z Ashdod. 
650 0 |a Coast defenses  |z Israel  |z Mediterranean Coast  |x History. 
651 0 |a Ashdod (Israel)  |x Antiquities. 
830 0 |a BAR international series ;  |v 2673. 
901 |a reviewed 
942 |c BK  |2 lcc 
999 |c 31289  |d 31289